Statistics for Countries Closest to Aruba - One Minute Sprint

Click here to take the quiz!

General Stats

  • This quiz has been taken 71 times
  • The average score is 15 of 20

Answer Stats

kmcountrymiles% Correct
969Dominica602
89%
27Venezuela17
85%
907Panama563
83%
1114Barbados692
80%
125Colombia78
80%
1166Guyana725
80%
629Haiti390
80%
931St Kitts and Nevis578
80%
943Cuba586
78%
905Trinidad and Tobago562
78%
883Jamaica548
76%
965St Lucia600
76%
879Grenada546
74%
574Dominican Republic357
72%
913St Vincent and the Grenadines568
72%
998Antigua and Barbuda620
67%
1064Brazil661
65%
986Bahamas613
56%
77Curaçao48
56%
954Sint Maarten593
30%

Score Distribution

Percentile by Number Answered

Percent of People with Each Score

Your Score History

You have not taken this quiz